| 000 | 01710nam0a2200337 4500 | ||
|---|---|---|---|
| 001 | RU\NLR\bibl\1719033 | ||
| 005 | 20250616071547.0 | ||
| 010 |
_a978-5-7797-1492-1 _95000 |
||
| 021 |
_aRU _b2010-93947 _96327 |
||
| 035 | _a(nilc)IZD\AST\2007\1026029 | ||
| 035 | _a(NLR Aleph) 001710036 | ||
| 090 |
_a1274354 _c1274354 |
||
| 100 | _a20101029d2010 |||y0rusy50 ca | ||
| 101 | 0 | _arus | |
| 102 | _aRU | ||
| 105 | _aa j ||||| | ||
| 200 | 1 |
_aБиология _e8-й класс _eтематические тестовые задания для подготовки к ГИА _e[уровни A, B, C _fавт.-сост. С.Б. Циклов] |
|
| 210 |
_aЯрославль _cAкадемия развития _d2010 |
||
| 215 |
_a192 с. _cил., табл. _d20 |
||
| 225 | 1 |
_aГосударственная итоговая аттестация _eГИА |
|
| 330 | _aПособие содержит задания по биологии в 8 классе в формате государственной итоговой аттестации. Задания предназначены для самостоятельной работы на уроках, для осуществления текущего и тематического контроля знаний. | ||
| 686 |
_a044531 _aУчебные пособия по биологии, экологии, ОБЖ. 8 кл. _2TCC-BG |
||
| 686 |
_a28я721 _vLBC/RL _2rubbk |
||
| 702 | 1 |
_aЦиклов _bС. Б. _4220 |
|
| 801 | 0 |
_aRU _bЛИБНЕТ _c20101029 _gRCR |
|
| 801 | 1 |
_aRU _bЛИБНЕТ _c20101029 |
|
| 801 | 2 |
_aRU _bЦУНБ Москва _c20101215 _gRCR |
|
| 801 | 2 |
_aRU _bNLR _c20101224 _grcr |
|
| 830 | _aCODE_OF_LIBNET\000055889 | ||
| 942 | _cBOOK | ||
| 980 | _aNB | ||